[Event "Hamburg-chB"]
[Site "Hamburg"]
[Date "2014.06.11"]
[Round "4"]
[White "Zoeller, Henning"]
[Black "Graffenberger, Marianne"]
[Result "1-0"]
[WhiteElo "1077"]
[BlackElo "1208"]
[PlyCount "63"]
[EventDate "2014.06.07"]
[EventType "swiss"]
[EventRounds "7"]
[EventCountry "GER"]
[SourceTitle "CBM 161 Extra"]
[Source "ChessBase"]
[SourceDate "2014.08.29"]
[SourceVersion "1"]
[SourceVersionDate "2014.08.29"]
[SourceQuality "1"]

1. e4 e5 2. Nf3 Nf6 3. d4 exd4 4. Qxd4 Nc6 5. Qe3 d6 6. h3 Be7 7. Bd2 Be6 8. Nc3 0-0 9. 0-0-0 Qb8 10. a3 Ne5 11. Nd5 Ng6 12. Nxe7+ Nxe7 13. h4 Ng4 14. Qe2 Ne5 15. Nxe5 dxe5 16. g4 Qc8 17. f3 Nc6 18. Be3 Nd4 19. Bxd4 exd4 20. Rxd4 c5 21. Rd2 c4 22. c3 b5 23. Bh3 Qc7 24. Qh2 Qb6 25. Rhd1 Rad8 26. f4 Rxd2 27. Qxd2 g6 28. f5 Bc8 29. Qd6 Qe3+ 30. Kb1 Qxh3 31. f6 Qxh4 32. Qxf8+ 1-0

[Event "Niedersachsen-ch Seniors op 14th"]
[Site "Bad Bevensen"]
[Date "2011.07.13"]
[Round "9"]
[White "Ludwig, Timm"]
[Black "Zoeller, Henning"]
[Result "1-0"]
[WhiteElo "1406"]
[BlackElo "1300"]
[PlyCount "49"]
[EventDate "2011.07.05"]
[EventType "swiss"]
[EventRounds "9"]
[EventCountry "GER"]
[SourceTitle "EXT 2012"]
[Source "ChessBase"]
[SourceDate "2011.11.24"]
[SourceVersion "1"]
[SourceVersionDate "2011.11.24"]
[SourceQuality "1"]

1. d4 Nf6 2. c4 g6 3. Nc3 Bg7 4. e4 d6 5. f3 0-0 6. Be3 Nbd7 7. Qd2 b6 8. Nge2 a6 9. Bh6 e5 10. Bxg7 Kxg7 11. g4 Qe7 12. d5 Bb7 13. Ng3 c6 14. h4 Rh8 15. 0-0-0 cxd5 16. Nxd5 Nxd5 17. exd5 b5 18. Kb1 bxc4 19. Bxc4 Nb6 20. Bb3 Rhc8 21. h5 Qf6 22. hxg6 Qxg6+ 23. Nf5+ Kf8 24. Rh6 Qg8 25. Rdh1 1-0

[Event "Niedersachsen-ch Seniors op 13th"]
[Site "Bad Bevensen"]
[Date "2010.07.14"]
[Round "9"]
[White "Zoeller, Henning"]
[Black "Schumacher, Ursula"]
[Result "0-1"]
[WhiteElo "1331"]
[BlackElo "1472"]
[PlyCount "62"]
[EventDate "2010.07.06"]
[EventType "swiss"]
[EventRounds "9"]
[EventCountry "GER"]
[SourceTitle "EXT 2012"]
[Source "ChessBase"]
[SourceDate "2011.11.24"]
[SourceVersion "1"]
[SourceVersionDate "2011.11.24"]
[SourceQuality "1"]

1. e4 c6 2. d4 d5 3. e5 Bf5 4. Be2 e6 5. Nd2 Nd7 6. Ngf3 c5 7. c3 a6 8. 0-0 b5 9. dxc5 Bxc5 10. Nb3 Bb6 11. Nbd4 Ne7 12. Nxf5 Nxf5 13. Re1 0-0 14. Bf4 Qc7 15. Bd3 Ne7 16. Ng5 Ng6 17. Bxg6 hxg6 18. Qg4 Rfe8 19. Qh3 Nf8 20. Rad1 Qc4 21. Qf3 Qxa2 22. Rd3 f6 23. exf6 gxf6 24. Nh3 Ra7 25. Bh6 Rf7 26. Bxf8 Kxf8 27. Nf4 g5 28. Ng6+ Kg7 29. Qh5 Qxb2 30. Rf1 Qc2 31. Rh3 Qxg6 0-1

[Event "Bad Bevensen Seniors op 12th"]
[Site "Bad Bevensen"]
[Date "2009.07.15"]
[Round "9"]
[White "Schneidereit, Manfred"]
[Black "Zoeller, Henning"]
[Result "1/2-1/2"]
[WhiteElo "1544"]
[BlackElo "1426"]
[PlyCount "71"]
[EventDate "2009.07.07"]
[EventType "swiss"]
[EventRounds "9"]
[EventCountry "GER"]
[SourceTitle "EXT 2022"]
[Source "ChessBase"]
[SourceDate "2021.10.06"]
[SourceVersion "1"]
[SourceVersionDate "2021.10.06"]
[SourceQuality "1"]

1. e4 e5 2. Nf3 Nc6 3. Bc4 Nf6 4. Nc3 Nxe4 5. Bxf7+ Kxf7 6. Nxe4 d5 7. Neg5+ Kg8 8. d4 h6 9. Nh3 Bg4 10. Qd2 e4 11. Ne5 Nxe5 12. dxe5 Kh7 13. Nf4 Qe8 14. h3 Be6 15. b3 Rd8 16. Bb2 d4 17. 0-0-0 b6 18. Qe2 g6 19. Nxe6 Qxe6 20. Qxe4 c5 21. f4 Kg8 22. c4 h5 23. Rhg1 Bh6 24. Kc2 Rf8 25. Bc1 h4 26. Rd3 Qf5 27. Qd5+ Kh7 28. g4 hxg3 29. Rgxg3 Bxf4 30. Bxf4 Qxf4 31. Rdf3 Qh4 32. Rg4 Qe1 33. Rfg3 Qe2+ 34. Kb1 Qd1+ 35. Kb2 Qd2+ 36. Kb1 1/2-1/2

[Event "Niedersachsen-ch Seniors op 10th"]
[Site "Bad Bevensen"]
[Date "2007.07.04"]
[Round "2"]
[White "Van Houten, Henk"]
[Black "Zoeller, Henning"]
[Result "0-1"]
[WhiteElo "1496"]
[BlackElo "1333"]
[PlyCount "34"]
[EventDate "2007.07.03"]
[EventType "swiss"]
[EventRounds "9"]
[EventCountry "GER"]
[SourceTitle "EXT 2022"]
[Source "ChessBase"]
[SourceDate "2021.10.06"]
[SourceVersion "1"]
[SourceVersionDate "2021.10.06"]
[SourceQuality "1"]

1. e4 e5 2. Nc3 Nc6 3. a3 Nf6 4. Nf3 d6 5. h3 Be7 6. Bc4 h6 7. 0-0 0-0 8. Re1 a6 9. b4 b5 10. Bb3 Bb7 11. d3 Nd4 12. Nxd4 exd4 13. Nd5 Nxd5 14. exd5 a5 15. Qg4 f5 16. Qxd4 Bf6 17. Qe3 Bxa1 0-1

[Event "Niedersachsen-ch Seniors op 09th"]
[Site "Bad Bevensen"]
[Date "2006.06.27"]
[Round "4"]
[White "Zoeller, Henning"]
[Black "Ludwig, Egbert"]
[Result "1-0"]
[WhiteElo "1338"]
[BlackElo "1095"]
[PlyCount "101"]
[EventDate "2006.06.24"]
[EventType "swiss"]
[EventRounds "9"]
[EventCountry "GER"]
[SourceTitle "EXT 2022"]
[Source "ChessBase"]
[SourceDate "2021.10.06"]
[SourceVersion "1"]
[SourceVersionDate "2021.10.06"]
[SourceQuality "1"]

1. e4 e6 2. d4 d5 3. e5 c5 4. c3 Nc6 5. Nf3 Qb6 6. Be2 cxd4 7. cxd4 Nh6 8. Nc3 Nf5 9. Na4 Qa5+ 10. Nc3 Bb4 11. Qd2 Bxc3 12. bxc3 Bd7 13. Bb2 Qc7 14. 0-0 Na5 15. Rfd1 Nc4 16. Bxc4 Qxc4 17. Qd3 Qxd3 18. Rxd3 Bb5 19. Rd2 0-0 20. a4 Bd7 21. g4 Ne7 22. Ba3 Rfe8 23. Bd6 Ng6 24. a5 Rac8 25. Rc2 a6 26. Nd2 Nf4 27. Nb3 Nd3 28. Kf1 Bb5 29. Kg1 g6 30. Bc5 Kg7 31. Bb6 Kh6 32. Nc5 Nxc5 33. Bxc5 Kg5 34. f4+ Kh6 35. Rf2 Kg7 36. f5 Bd7 37. f6+ Kg8 38. g5 h5 39. gxh6 Kh7 40. Rf3 Bb5 41. Kf2 Rg8 42. Rg1 g5 43. Rfg3 Kxh6 44. Rg4 Bd3 45. h4 gxh4 46. Rxg8 Rxg8 47. Rxg8 Kh7 48. Rg7+ Kh6 49. Rxf7 h3 50. Rxb7 Kg5 51. f7 1-0

[Event "Hamburg Robinow op"]
[Site "Hamburg"]
[Date "2005.10.05"]
[Round "5"]
[White "Zoeller, Henning"]
[Black "Wenske, Hardy"]
[Result "0-1"]
[WhiteElo "1300"]
[BlackElo "1576"]
[PlyCount "80"]
[EventDate "2005.10.01"]
[EventType "swiss"]
[EventRounds "9"]
[EventCountry "GER"]
[SourceTitle "CBM 108 Extra"]
[Source "ChessBase"]
[SourceDate "2005.11.04"]
[SourceVersion "1"]
[SourceVersionDate "2005.11.04"]
[SourceQuality "1"]

1. e4 e5 2. Nf3 Nc6 3. Bc4 Bc5 4. c3 d6 5. h3 Be6 6. Bxe6 fxe6 7. d4 exd4 8. cxd4 Bb4+ 9. Nc3 Qd7 10. 0-0 0-0-0 11. a3 Bxc3 12. bxc3 h6 13. a4 g5 14. a5 d5 15. Nd2 Nb8 16. e5 Na6 17. f4 gxf4 18. Rxf4 Ne7 19. Qf1 Nf5 20. Nb3 h5 21. Ba3 Rdg8 22. Rb1 Qc6 23. Nc5 Nxc5 24. dxc5 a6 25. Rb2 Rg3 26. Rbf2 Rhg8 27. Kh2 Rxc3 28. Rxf5 exf5 29. Rxf5 Qe8 30. Rf7 Rxa3 31. Qf5+ Kb8 32. Qf6 Rag3 33. h4 Rxg2+ 34. Kh1 R2g6 35. Qf4 Ka7 36. c6 Rg1+ 37. Kh2 R8g2+ 38. Kh3 Qe6+ 39. Rf5 Kb8 40. Qf2 Rxf2 0-1

[Event "Hamburg Robinow op"]
[Site "Hamburg"]
[Date "2005.10.01"]
[Round "1"]
[White "Zoeller, Henning"]
[Black "Olschok, Juergen"]
[Result "0-1"]
[WhiteElo "1300"]
[BlackElo "1674"]
[PlyCount "64"]
[EventDate "2005.10.01"]
[EventType "swiss"]
[EventRounds "9"]
[EventCountry "GER"]
[SourceTitle "CBM 108 Extra"]
[Source "ChessBase"]
[SourceDate "2005.11.04"]
[SourceVersion "1"]
[SourceVersionDate "2005.11.04"]
[SourceQuality "1"]

1. e4 e6 2. d4 d5 3. e5 c5 4. c3 Nc6 5. Nf3 Qb6 6. a3 cxd4 7. cxd4 Bd7 8. b4 a6 9. Nc3 Na7 10. Na4 Bxa4 11. Qxa4+ Qc6 12. Qxc6+ Nxc6 13. Bd2 Nge7 14. Bd3 Ng6 15. 0-0 Be7 16. b5 axb5 17. Bxb5 Kd7 18. Bxc6+ bxc6 19. Bb4 f6 20. Bxe7 Nxe7 21. Rfb1 Rhb8 22. Nd2 fxe5 23. dxe5 c5 24. a4 Nc6 25. Rxb8 Rxb8 26. f4 Nd4 27. g3 Rb2 28. Rb1 Rxd2 29. Rb7+ Kc6 30. Rxg7 c4 31. Rg8 c3 32. Rc8+ Kb7 0-1

[Event "Hamburg HSK DWZ op 1st"]
[Site "Hamburg"]
[Date "2002.09.27"]
[Round "1"]
[White "Zoeller, Henning"]
[Black "Juergens, Bernhard"]
[Result "0-1"]
[WhiteElo "1458"]
[BlackElo "1854"]
[PlyCount "40"]
[EventDate "2002.09.??"]
[EventType "swiss"]
[EventRounds "5"]
[EventCountry "GER"]
[SourceTitle "EXT 2006"]
[Source "ChessBase"]
[SourceDate "2005.11.24"]
[SourceVersion "1"]
[SourceVersionDate "2005.11.24"]
[SourceQuality "1"]

1. e4 e6 2. d4 d5 3. Nd2 Nf6 4. e5 Nfd7 5. c3 c5 6. Ndf3 Nc6 7. Ne2 Qb6 8. b3 f6 9. Ba3 fxe5 10. dxe5 Ndxe5 11. Nxe5 Nxe5 12. Nf4 g6 13. Nd3 Bg7 14. Bxc5 Nxd3+ 15. Qxd3 Qxc5 16. Qb5+ Qxb5 17. Bxb5+ Bd7 18. Bxd7+ Kxd7 19. Rc1 Rac8 20. Kd2 Bh6+ 0-1